LIBRARY & INFORMATION CENTRE, KCAET, TAVANUR

ONLINE PUBLIC ACCESS CATALOGUE (OPAC)

Standardization of Irrigation and fertigation requirement for snake gourd under rain shelter (Record no. 17400)

MARC details
000 -LEADER
fixed length control field 00503nam a22001697a 4500
003 - CONTROL NUMBER IDENTIFIER
control field OSt
082 ## - DEWEY DECIMAL CLASSIFICATION NUMBER
Classification number 631.587
Item number ASI/ST
088 ## - REPORT NUMBER
Report number P 511
100 ## - MAIN ENTRY--AUTHOR NAME
Personal name Asif Hussin
100 ## - MAIN ENTRY--AUTHOR NAME
Personal name Athira saji
100 ## - MAIN ENTRY--AUTHOR NAME
Personal name Diveena A S
245 ## - TITLE STATEMENT
Title Standardization of Irrigation and fertigation requirement for snake gourd under rain shelter
260 ## - PUBLICATION, DISTRIBUTION, ETC. (IMPRINT)
Place of publication KCAET ,Thavanur
Name of publisher Department of soil and water conservation engineeering
Year of publication 2021
300 ## - PHYSICAL DESCRIPTION
Number of Pages 84 p
700 ## - ADDED ENTRY--PERSONAL NAME
Personal name Jinu A (Guide)
942 ## - ADDED ENTRY ELEMENTS (KOHA)
Koha item type Project Report
Holdings
Collection code Home library Current library Shelving location Full call number Accession Number Koha item type
Reference KAUAET KAUAET Reference 631.587 ASI/STA P 511 Project Report
free website counter